000
00294nam a22001217a 4500
082
_a
001
_b
BLA/W
100
_a
BECKWITH,YVONNE
245
_a
THE WORLD AND ITS WONDERS
260
_a
CHICAGO
_b
STANDARD EDUCATIONAL CORPORATION
300
_a
186
650
_a
GENERAL KNOWLEDGE
_z
CHICAGO
942
_c
BK
999
_c
3083
_d
3083